LEADER 00993nam a2200229 i 4500 001 000000161883 003 CaOOAMICUS 005 20231030153751.0 008 070531s1911 it u000 u ita u 013 $a139247 040 $aSeMil$bita 100 1 $aNencioni, Enrico,$d<1837-1896>.$0(OLS)http://semarc/name/37138 245 10$aSaggi critici di letteratura italiana /$cdi Enrico Nencioni ; preceduta da uno scritto di Gabriele D'Annunzio. 260 $aFirenze :$bLe Monnier,$c1911. 300 $aXXII, 381 p., [1] c. di tav. ;$c18 cm. 650 4$aLetteratura italiana - Saggi.$0(OLS)http://semarc/subject/1861 700 1 $aD'Annunzio, Gabriele,$d<1863-1938>.$0(OLS)http://semarc/name/1300 850 $aSeMil 852 $aSeMil$W1$xVenegono$y1$m1O I 410$j244042$B113260$CSeMilBibl$Z2$F123868 $81 996 $6245$aSaggi critici di letteratura italiana$9(OLS)http://semarc/title/145253 996 $6260$aFirenze :$bLe Monnier$9(OLS)http://semarc/publisher/30060 LEADER 01476nam a2200217 i 4500 001 000000236303 003 CaOOAMICUS 005 20240506124923.0 008 141128s1753 xx u000 u lat u 013 $a215207 026 $ad.et 42e- a&ti poqu (3) 1753 (R) 040 $aSeMil$bita 245 10$aCommentarius in canones et decreta juris novi, & in jus novissimum. Opus posthumum hactenus ineditum. Auctore Zegero Bernardo Van-Espen .. 300 $a[4], XV, [1], 187, [1], 384, 164 p. 500 $aSegn.: pg2 pga-d2 A-Z4 2A2, *A-3*B4 a-2s2 500 $aA carta *A1 nel Monitum editoris vengono elencate le opere in seguito contenute: Tractatus historico canonicus, Dissertatio canonica, Tractatus de promulgatione, Concordia immunitatis, Tractatus de recursu ad Principem, Aequitatis sententiae parlamenti 773 0 $aEspen, Zeger-Bernhard : van <1646-1728>$tZ. Bernardi van-Espen ... Scripta omnia, quatuor tomis comprehensa ... Opus integrum omnibus episcopis, eorum vicariis ..$d1753.$bEditio novissima, plurimis litteris, monumentis, passim suo loco positis, praesertim erudito in jus vetus novum & novissimum commentario ...$g4$w()31039 850 $aSeMil 852 $aSeMil$W1$xVenegono$y1$m2J VIII 21 FA$j186649$B186649$CSeMilBibl$Z2$F197382 $8I 996 $6245$aCommentarius in canones et decreta juris novi, & in jus novissimum. Opus posthumum hactenus ineditum. Auctore Zegero Bernardo Van-Espen ..$9(OLS)http://semarc/title/336782